| 000 | 00414nam a2200157Ia 4500 | ||
|---|---|---|---|
| 008 | 240729s9999 xx 000 0 und d | ||
| 022 | _a1664-462X | ||
| 245 | 0 | _aFrontiers in Plant Science | |
| 260 | _aSwitzerland | ||
| 260 | _bFrontiers Media S.A. | ||
| 650 | _a Plant culture | ||
| 650 | _aAgriculture | ||
| 856 | _uhttps://doaj.org/toc/7098ca7e736d484698b7026ba0f4c9e5 | ||
| 942 | _2ddc | ||
| 942 | _cDOAJEJ | ||
| 999 |
_c67163 _d67163 |
||
| 945 |
_a1 _bMadushi Gamage _c1 _dMadushi Gamage |
||